Vytvorenie prostredia NGN pre testovanie parametrov QoS hlasovej prevádzky

Guardado en:
Detalles Bibliográficos
Autor principal: Drozd, Martin, 1988- (Autor)
Otros Autores: Kyrbashov, Bakyt, 1981- (Orientador)
Formato: Manuscrito Libro
Lenguaje:eslovaco
Publicado: Bratislava : STU v Bratislave FEI, 2012
Materias:
Acceso en línea:VAIS
Etiquetas: Agregar Etiqueta
Sin Etiquetas, Sea el primero en etiquetar este registro!

MARC

LEADER 00000ntm a22000003a 4500
001 stu252058
005 20150617230228.1
008 120720s2012----xo------------------slo-d
040 |a STU  |b slo 
041 0 |a slo 
044 |a xo 
100 1 |a Drozd, Martin,  |d 1988-  |4 aut  |u E  |T FEI Fakulta elektrotechniky a informatiky  |X 50149  |U E  |Y 30  |7 A000050149 
242 0 0 |a NGN environment creation for QoS parameter emulations testing in VoIP service  |y eng 
245 1 |a Vytvorenie prostredia NGN pre testovanie parametrov QoS hlasovej prevádzky 
260 |a Bratislava :  |b STU v Bratislave FEI,  |c 2012 
300 |a 69 s  |c príl. 
650 7 |a Telecommunications  |2 estusub 
650 7 |a QoS  |2 stusub 
700 1 |a Kyrbashov, Bakyt,  |d 1981-  |4 ths  |u E240  |U FEI Fakulta elektrotechniky a informatiky  |T FEI Katedra telekomunikácií  |X 42592  |U E240  |Y 72  |7 A000042592 
856 4 |a info a plný text  |u http://is.stuba.sk/zp/portal_zp.pl?podrobnosti=82024  |3 VAIS 
996 |b 284EP10174  |c E*DIPL-10174  |l EE37  |s P  |a 0  |w stu252058_0001